| 000 | 02245nam a22002417a 4500 | ||
|---|---|---|---|
| 003 | NALT | ||
| 005 | 20251212153308.0 | ||
| 008 | 250924b th ||||| |||| 00| 0 tha d | ||
| 020 | _a9786163023544 | ||
| 040 | _aNALT | ||
| 100 | 0 |
_aเชิดศักดิ์ กำปั่นทอง. _965982 |
|
| 245 | 1 | 0 |
_aJudgement on labour case regarding wages : _bคำพิพากษาคดีแรงงานเกี่ยวกับค่าจ้าง / _cเชิดศักดิ์ กำปั่นทอง. _h[electronic resource] |
| 250 | _aพิมพ์ครั้งแรก. | ||
| 260 |
_aกรุงเทพฯ : _bธรรมนิติเพรส, _c2567. |
||
| 300 | _aOnline resource | ||
| 520 | _aหนังสือเล่มนี้ผู้เขียนได้รวบรวมคำพิพากษาในประเด็นเกี่ยวกับค่าจ้างตามกฎหมายแรงงานที่นายจ้างได้จ่ายให้กับลูกจ้างเรียกชื่อต่างๆ ตั้งแต่อดีตจนถึงล่าสุด ปี พ.ศ. 2566 เช่น ค่าบริการหรือเซอร์วิสชาร์จ เงินเพิ่มพิเศษ (Offshore Superviser) ค่าเที่ยว ค่าคอมมิชชั่น ค่าครองชีพ ค่าตำแหน่ง ค่าเช่าบ้าน เป็นต้น โดยแยกหมวดหมู่ ให้ค้นได้ง่าย จะช่วยให้ผู้ทำงานด้านทรัพยากรบุคคลและผู้ที่สนใจ สะดวก ประหยัดเวลา และเข้าใจกฎหมายมากขึ้น. | ||
| 650 | 4 |
_aกฎหมายแรงงาน _zไทย _915986 |
|
| 650 | 4 |
_aคำพิพากษา _xแรงงาน _945143 |
|
| 650 | 4 |
_aกฎหมายแรงงาน _xคดี _965950 |
|
| 856 | 4 | 0 |
_uhttps://ebook.parliament.go.th/ebookall/detail/438256 _zE-Book |
| 942 |
_cEBK _2lcc |
||
| 996 |
_ajamriang.p _bCATSTF _c2025-12-12 |
||
| 999 |
_c107228 _d107228 |
||
| 998 |
_j1020 _k นางจำเรียง ระวังสำโรง |
||